দুঃসময়ের ছড়া / (Record no. 41003)
[ view plain ]
| 000 -LEADER | |
|---|---|
| fixed length control field | 00773nam a2200229 a 4500 |
| 001 - CONTROL NUMBER | |
| control field | 41003 |
| 003 - CONTROL NUMBER IDENTIFIER | |
| rucl marc code | BD-RjUL |
| 005 - DATE AND TIME OF LATEST TRANSACTION | |
| control field | 20211209053318.0 |
| 008 - FIXED-LENGTH DATA ELEMENTS--GENERAL INFORMATION | |
| fixed length control field | 160514s1992 bg ||||| |||| 00| 0 ben d |
| 020 ## - INTERNATIONAL STANDARD BOOK NUMBER | |
| Terms of availability | : Tk. 25.00 |
| 035 ## - SYSTEM CONTROL NUMBER | |
| System control number | (BD-RjUL) 41119 |
| 040 ## - CATALOGING SOURCE | |
| Original cataloging agency | BD-RjUL |
| Language of cataloging | ben |
| Transcribing agency | BD-RjUL |
| 041 ## - LANGUAGE CODE | |
| Language code of text/sound track or separate title | ben |
| 082 ## - DEWEY DECIMAL CLASSIFICATION NUMBER | |
| Edition number | 23 |
| Classification number | 891.441 |
| Author mark and year | ISD 1992 |
| 100 ## - MAIN ENTRY--PERSONAL NAME | |
| Personal name | ইসলাম, মযহারুল |
| 9 (RLIN) | 126182 |
| 245 10 - TITLE STATEMENT | |
| Title | দুঃসময়ের ছড়া / |
| Statement of responsibility, etc. | মযহারুল ইসলাম |
| 260 ## - PUBLICATION, DISTRIBUTION, ETC. (IMPRINT) | |
| Place of publication, distribution, etc. | ঢাকা : |
| Name of publisher, distributor, etc. | নুরজাহান প্রকাশনালয়, |
| Date of publication, distribution, etc. | ১৯৯২ |
| 300 ## - PHYSICAL DESCRIPTION | |
| Pagination | ৬৮ পৃ. ; |
| Size | ২০ সেমি. |
| 650 ## - SUBJECT ADDED ENTRY--TOPICAL TERM | |
| Topical term or geographic name as entry element | বাংলা কবিতা |
| 9 (RLIN) | 126183 |
| Topical term or geographic name as entry element | Bengali Poetry |
| 9 (RLIN) | 126184 |
| 942 ## - ADDED ENTRY ELEMENTS (KOHA) | |
| Source of classification or shelving scheme | Dewey Decimal Classification |
| Koha item type | Books |
| Lost status | Source of classification or shelving scheme | Damaged status | Not for loan | Collection code | Permanent Location | Current Location | Shelving location | Date acquired | Source of acquisition | Cost, normal purchase price | Total Checkouts | Full call number | Date last seen | Copy number | Koha item type |
|---|---|---|---|---|---|---|---|---|---|---|---|---|---|---|---|
| Dewey Decimal Classification | Non-fiction | Central Library, University of Rajshahi | Central Library, University of Rajshahi | 23/09/1998 | nurjahan prokashonaloy, Dhaka | 25.00 | B 891.441 ISD 1992 | 14/05/2016 | C-2 | Books | |||||
| Dewey Decimal Classification | Non-fiction | Central Library, University of Rajshahi | Central Library, University of Rajshahi | 23/09/1998 | Majharul Islam, Dhaka | 25.00 | B 891.441 ISD 1992 | 13/08/2016 | C-3 | Books | |||||
| Dewey Decimal Classification | Non-fiction | Central Library, University of Rajshahi | Central Library, University of Rajshahi | 23/09/1998 | Majharul Islam, Dhaka | 25.00 | B 891.441 ISD 1992 | 13/08/2016 | C-4 | Books | |||||
| Dewey Decimal Classification | Non-fiction | Central Library, University of Rajshahi | Central Library, University of Rajshahi | 23/09/1998 | Majharul Islam, Dhaka | 25.00 | B 891.441 ISD 1992 | 13/08/2016 | C-5 | Books | |||||
| Dewey Decimal Classification | Non-fiction | Central Library, University of Rajshahi | Central Library, University of Rajshahi | 23/09/1998 | Majharul Islam, Dhaka | 25.00 | B 891.441 ISD 1992 | 13/08/2016 | C-6 | Books | |||||
| Dewey Decimal Classification | Non-fiction | Central Library, University of Rajshahi | Central Library, University of Rajshahi | 23/09/1998 | Majharul Islam, Dhaka | 25.00 | B 891.441 ISD 1992 | 13/08/2016 | C-7 | Books | |||||
| Dewey Decimal Classification | Non-fiction | Central Library, University of Rajshahi | Central Library, University of Rajshahi | 23/09/1998 | Majharul Islam, Dhaka | 25.00 | B 891.441 ISD 1992 | 13/08/2016 | C-8 | Books | |||||
| Dewey Decimal Classification | Non-fiction | Central Library, University of Rajshahi | Central Library, University of Rajshahi | 23/09/1998 | Majharul Islam, Dhaka | 25.00 | B 891.441 ISD 1992 | 13/08/2016 | C-9 | Books | |||||
| Dewey Decimal Classification | Non-fiction | Central Library, University of Rajshahi | Central Library, University of Rajshahi | 23/09/1998 | Majharul Islam, Dhaka | 25.00 | B 891.441 ISD 1992 | 13/08/2016 | C-10 | Books |